000 00312nam a22001337a 4500
008 170315b xxu||||| |||| 00| 0 eng d
020 _a9780781742337
041 _aeng
080 _28TH
_a611
100 _a7
101 _aSHM
245 _aSTRUCTURE AND FUNCTION OF THE HUMAN BODY
_cCOHEN, B.J
942 _2udc
_cBK
999 _c7916
_d7916